| 000 | 01258nam0a2200337 4500 | ||
|---|---|---|---|
| 001 | RU\NLR\bibl\74177 | ||
| 005 | 20260531065622.0 | ||
| 010 |
_a5-09-009636-8 _910000 |
||
| 021 |
_aRU _b1999-47130 _92328 |
||
| 035 | _a(NLR Aleph) 000072381 | ||
| 090 |
_a399763 _c399763 |
||
| 100 | _a20000313d2000 |||y0rusy50 ca | ||
| 101 | 0 | _arus | |
| 102 | _aRU | ||
| 105 | _aa ||||||||| | ||
| 200 | 1 |
_aМоя математика _eКоличество и число _eРазвивающая кн. для детей ст. дошк. возраста _fЕ.В. Соловьева |
|
| 205 | _a2-е изд. | ||
| 210 |
_aМ. _cПросвещение _d2000 |
||
| 215 |
_a39 с. _cил., цв. ил. _d28 |
||
| 225 | 1 |
_aРадуга _iСтарший возраст |
|
| 606 | 0 |
_aДошкольники _xОзнакомление со счетом _91028133 _3RU\NLR\auth\66393851 |
|
| 686 | _aВ10я71 | ||
| 686 | _aЧ411.383 | ||
| 700 | 1 |
_4070 _8rus _7ca _aСоловьева _bЕ. В. _cканд. пед. наук. _gЕлена Викторовна _3RU\NLR\auth\7725051 _98100 |
|
| 801 | 0 |
_aRU _bNLR _c20000313 _gPSBO |
|
| 801 | 1 |
_aRU _bNLR _c20000313 |
|
| 830 | _aАвт. по кн. | ||
| 852 |
_aNLR _j99-8/2786 |
||
| 942 | _cBOOK | ||
| 980 | _aNB | ||